[Event "Athens Smaok op"]
[Site "Athens"]
[Date "2010.11.11"]
[Round "6.7"]
[White "Maroulakos, Stavros"]
[Black "Troupis, Theodoros"]
[Result "1-0"]
[WhiteElo "1755"]
[BlackElo "1140"]
[PlyCount "99"]
[EventDate "2010.09.30"]
[EventType "swiss"]
[EventRounds "7"]
[EventCountry "GRE"]
[SourceTitle "EXT 2024"]
[Source "ChessBase"]
[SourceDate "2023.10.10"]
[SourceVersion "1"]
[SourceVersionDate "2023.10.10"]
[SourceQuality "1"]

1. e4 c5 2. Nf3 Nc6 3. d4 cxd4 4. Nxd4 Nf6 5. Nc3 e6 6. Bc4 Bb4 7. Nxc6 bxc6 8. Bd2 0-0 9. e5 Bxc3 10. Bxc3 Ne4 11. Bb4 Qb6 12. 0-0 Qxb4 13. Bd3 Nc5 14. b3 Nxd3 15. Qxd3 Bb7 16. c4 Rfd8 17. Rfd1 Qe7 18. Qg3 f6 19. Rd6 Rac8 20. Rad1 c5 21. h4 Rc6 22. exf6 Qxf6 23. Rxd7 Rxd7 24. Rxd7 Bc8 25. Rxa7 h6 26. a4 e5 27. Ra8 Kh7 28. Qd3+ Bf5 29. Qd5 Qe6 30. Rd8 Rc8 31. Rxc8 Qxc8 32. Qxe5 Bc2 33. Qc3 Qf5 34. f3 Qd3 35. Qxd3+ Bxd3 36. a5 Bf5 37. Kf2 Kg6 38. g4 Bc8 39. Ke3 Kf6 40. Kd3 Bb7 41. f4 Bf3 42. g5+ hxg5 43. fxg5+ Ke6 44. Kc3 Kd6 45. b4 cxb4+ 46. Kxb4 Kc6 47. g6 Be4 48. h5 Bf3 49. h6 gxh6 50. g7 1-0

[Event "Athens Smaok op"]
[Site "Athens"]
[Date "2010.09.30"]
[Round "1.6"]
[White "Troupis, Theodoros"]
[Black "Anairousis, Panagiotis"]
[Result "0-1"]
[WhiteElo "1140"]
[BlackElo "2036"]
[PlyCount "52"]
[EventDate "2010.09.30"]
[EventType "swiss"]
[EventRounds "7"]
[EventCountry "GRE"]
[SourceTitle "EXT 2024"]
[Source "ChessBase"]
[SourceDate "2023.10.10"]
[SourceVersion "1"]
[SourceVersionDate "2023.10.10"]
[SourceQuality "1"]

1. b3 e5 2. e3 d5 3. Bb2 Bd6 4. d4 e4 5. c4 c6 6. Nc3 Be6 7. Be2 Qg5 8. Bf1 Nf6 9. Nge2 h5 10. h4 Qf5 11. Qd2 Ng4 12. Nf4 g5 13. Nxe6 fxe6 14. hxg5 Nd7 15. Qe2 0-0-0 16. f3 Bg3+ 17. Kd2 Nxe3 18. Nd1 Nxd1 19. Kxd1 Rdf8 20. Ba3 Rf7 21. g6 Qxg6 22. Rh3 h4 23. Qe3 exf3 24. gxf3 Qf5 25. Bg2 dxc4 26. bxc4 Nb6 0-1